00378 2200145 4500001002100000005001500021008004100036020001800077035001900095082001100114090001700125100002700142245003000169260003300199INLIS00000000001017120241224113943241224||||||||| | ||| |||| ||  a979-666-357-0 0010-12240101710 a808.81 a808.81 NYA n0 akorrie layun rampan ed00aNyanyian integrasi Bangsa aJakartabbalai pustakac2001